000 00483nam a2200169 4500
001 113974
003 ES-MaACL
005 20230906190040.0
007 t|
008 061121s1958 sp r ||||1| spa d
100 1 _aPagola Lanz, Miguel.
_988307
245 1 0 _aCuerpo y alma de Italia /
_cMiguel Pagola Lanz.
260 _aMadrid :
_bPueyo,
_c1958.
300 _a1 v. ;
_c19 cm.
505 8 _aContiene: V. I . La Ciudad del Vaticano,160 p.
852 _aES-MaACL
_jC-15541
_bR.43061
999 _c113974
_d113974